Lengua y literatura : lecturas críticas sobre la narrativa argentina /
Guardado en:
| Autor Principal: | |
|---|---|
| Otros Autores: | |
| Formato: | Libro |
| Publicado: |
Buenos Aires :
Conicet,
1997
|
| Series: | Pro Ciencia
|
| Materias: | |
| Etiquetas: |
Agregar Etiqueta
Sin Etiquetas, Sea el primero en etiquetar este registro!
|
| LEADER | 01328nam a22002895a 4500 | ||
|---|---|---|---|
| 001 | CEM.cems009564 | ||
| 005 | 20080828094930.0 | ||
| 008 | 130507s1997##################000#0#####d | ||
| 003 | CEMS | ||
| 020 | |a 9506870322 | ||
| 082 | 0 | 4 | |a 468.6 |
| 100 | 1 | |a Vitagliano, Miguel | |
| 245 | 1 | 0 | |a Lengua y literatura : |b lecturas críticas sobre la narrativa argentina / |c Miguel Vitagliano, Emilia Molina |
| 260 | |a Buenos Aires : |b Conicet, |c 1997 | ||
| 300 | |a 167 p. | ||
| 490 | 0 | |a Pro Ciencia | |
| 500 | |a Programa de Perfeccionamiento docente | ||
| 505 | 0 | |a Distintos tipos de lecturas -- Concepciones de la literatura, teorías literarias y críticas -- La crítica y el ensayo crítico -- Lecturas críticas sobre autores argentinos -- Lecturas sobre Jorge Luis Borges (1899-1986) -- Lecturas sobre Roberto Arlt (1900-1942) -- Lecturas sobre Julio Cortázar (1914-1984) -- Lecturas sobre Manuel Puig (1932-1990) | |
| 653 | |a Literatura | ||
| 653 | |a Lengua y literatura | ||
| 653 | |a Literatura argentina-antología | ||
| 653 | |a Literatura argentina-crítica | ||
| 700 | 1 | |a Molina, Emilia | |
| 859 | |a CEMS |b BIB. CEMS - 11 de abril |h 468.6 |i V831 |p 19366.97 |t Ej.1 | ||
| 859 | |a CEMS |b BIB. CEMS - 11 de abril |h 468.6 |i V831 |p 19367.97 |t Ej.2 | ||
| 859 | |a CEMS |b BIB. CEMS - 11 de abril |h 468.6 |i V831 |p 19368.97 |t Ej.3 | ||
| 859 | |a CEMS |b BIB. CEMS | ||
